|
|
|
|
| LEADER |
00000nab a2200000 4500 |
| 001 |
vtls011823280 |
| 003 |
SK-MaSNL |
| 005 |
20260318122436.0 |
| 008 |
181116|2018 xo |||| || ||00 0|hun |
| 015 |
|
|
|a SNBRB2018/11
|
| 040 |
|
|
|a DSZK
|b slo
|c DSZK
|e rda
|
| 041 |
|
|
|a hun
|
| 043 |
|
|
|a e-xo---
|
| 044 |
|
|
|a xo
|c SK
|
| 072 |
|
7 |
|a 91
|x Geografia ako veda. Výskum. Cestovanie
|2 konspekt
|
| 080 |
|
|
|a 910.4-051
|x (437.6)
|2 2011
|
| 100 |
1 |
|
|a Nagy, Erika,
|d 1961-
|4 aut
|9 274133
|
| 245 |
1 |
0 |
|a XVI. Nemzetközi Vámbéry Konferencia
|c Nagy Erika
|
| 246 |
3 |
|
|a Tizenhatodik Nemzetközi Vámbéry Konferencia
|
| 336 |
|
|
|a text
|b txt
|2 rdacontent
|
| 337 |
|
|
|a bez média
|b n
|2 rdamedia
|
| 338 |
|
|
|a zväzok
|b nc
|2 rdacarrier
|
| 600 |
1 |
7 |
|a Vámbéry, Ármin,
|d 1832-1913
|2 dszk
|9 264134
|
| 611 |
2 |
7 |
|a Medzinárodná konferencia Vámbéryho
|n (16. :
|d 2018 :
|c Dunajská Streda, Slovensko)
|2 dszk
|9 1575158
|
| 648 |
|
7 |
|a 2018
|2 dszk
|9 351415
|
| 650 |
0 |
7 |
|a cestovatelia
|2 SNKPH
|9 58750
|
| 650 |
0 |
7 |
|a orientalisti
|2 SNKPH
|9 69270
|
| 650 |
0 |
7 |
|a osobnosti
|2 SNKPH
|9 29820
|
| 650 |
0 |
7 |
|a konferencie
|2 SNKPH
|9 19221
|
| 651 |
|
7 |
|a Dunajská Streda (Slovensko)
|2 SNKPHgeo
|9 17375
|
| 773 |
0 |
|
|t Katedra
|g Évf. XXVI, sz. 3 (2018), o. 35
|x 1335-6445
|
| 958 |
|
|
|a SK
|
| 958 |
|
|
|a HU
|
| 958 |
|
|
|a RG
|
| 999 |
|
|
|c 3214224
|d 3216154
|